000 01589nam a2200361Ia 4500
001 ebr10314575
003 CaPaEBR
006 m u
007 cr cn|||||||||
008 090206s2009 gw a sb 001 0 eng d
010 _z 2009005668
020 _z9783110213256 (hardcover : alk. paper)
040 _aCaPaEBR
_cCaPaEBR
035 _a(OCoLC)436454523
050 1 4 _aPA6654.E5
_bN68 2009eb
082 0 4 _a937/.05
_222
130 0 _aInvectiva in M. Tullium Ciceronem.
_lEnglish & Latin.
245 1 4 _aThe invectives of Sallust and Cicero
_h[electronic resource] :
_bcritical edition with introduction, translation, and commentary /
_cAnna A. Novokhatko.
260 _aBerlin ;
_aNew York :
_bWalter de Gruyter,
_cc2009.
300 _axii, 220 p. :
_bill.
490 0 _aSozomena. Studies in the recovery of ancient texts ;
_vv. 6
504 _aIncludes bibliographical references and index.
533 _aElectronic reproduction.
_bPalo Alto, Calif. :
_cebrary,
_d2009.
_nAvailable via World Wide Web.
_nAccess may be limited to ebrary affiliated libraries.
600 0 0 _aSallust,
_d86-34 B.C.
_xAuthorship.
600 1 0 _aCicero, Marcus Tullius
_xAuthorship.
650 0 _aInvective.
651 0 _aRome
_xHistory
_yConspiracy of Catiline, 65-62 B.C.
655 7 _aElectronic books.
_2local
700 1 _aNovokhatko, Anna A.,
_d1978-
710 2 _aebrary, Inc.
730 0 2 _aResponsio ad orationem C. Sallustii Crispi.
_lEnglish & Latin.
856 4 0 _uhttp://site.ebrary.com/lib/rucke/Doc?id=10314575
_zAn electronic book accessible through the World Wide Web; click to view
999 _c58254
_d58254